000 00652 a2200217 4500
001 sjds
003 sjds
005 20251118071459.0
008 251118b |||||||| |||| 00| 0 spa d
020 _a9780590487023
020 _a0590487027
040 _csjds
041 _aspa
100 _aBlia Xiong
245 _a Nueve en uno Grr! Grr! :
_bun cuento popular hmong de Laos
_cBlia Xiong, Nancy Hom (Illustrator); adapted by Cathy Spagnoli
260 _aNew York :
_bScholastic,
_cc1995
300 _a 30 pages :
_bcolor illustrations ;
_c21 x 23 cm
700 _aHom, Nancy
_e(Illustrator)
700 _aSpagnoli, Cathy
_eadaptor
942 _cBK
999 _c30243
_d30241